| 000 | 01566cam a2200337 4500 | ||
|---|---|---|---|
| 002 | 7690 | ||
| 008 | 040915n2004 000 0 eng u | ||
| 020 | _a0130482153 | ||
| 035 | _a(Sirsi) u127418 | ||
| 041 | _aeng | ||
| 050 |
_a526.9 _c21 |
||
| 100 | _aKavanagh, Barry | ||
| 245 | _aSurveying with construction applications | ||
| 250 | _a5th ed. | ||
| 260 |
_aNew Jersey _bPearson Prentice Hall _c2004 |
||
| 300 |
_axiv, 658p. _bill. _c25cm. |
||
| 350 | _a42.99 | ||
| 520 | _aThe fifth edition of this American text covers all the fundamentals of surveying with an emphasis on the practical applications. Part one "Surveying principles" contains chapters on: surveying fundamentals; distance measurement; leveling; angles and theodolites; total stations; traverse surveys and computations; an introduction to geomatics; global positioning systems; and control surveys. Part two "Construction applications" looks at: highway curves; highway construction surveys; municipal street construction surveys; pipeline and tunnel construction surveys; culvert and bridge construction surveys; building construction surveys; and quantity and final surveys. Various appendices. | ||
| 650 | _aSURVEYING INSTRUMENTS | ||
| 650 | _aLEVELLING | ||
| 650 | _aGLOBAL POSITIONING SYSTEMS | ||
| 650 | _aCONTROL SURVEYS | ||
| 650 | _aTRAVERSE SURVEYS | ||
| 650 |
_aMeasurement _96256 |
||
| 650 | _aLAND SURVEYING | ||
| 650 | _aCONSTRUCTION SURVEYING | ||
| 650 |
_aGeomatics _96242 |
||
| 650 | _aCONSTRUCTION PROJECTS | ||
| 690 |
_aGeomatics _96242 |
||
| 942 | _n0 | ||
| 999 |
_c103781 _d103781 |
||